Uchovávanie účtovnej dokumentácie po novele zákona o účtovníctve v roku 2022

Uchovávanie účtovnej dokumentácie je povinnosť každej účtovnej jednotky, ktorá je účtovnou jednotkou definovaná v zákone o účtovníctve po novele zákonom č. 408/2021 Z. z. Účtovná jednotka je povinná zabezpečiť aj ochranu účtovnej dokumentácie voči strate, odcudzeniu, zničeniu, alebo poškodeniu; a ro...

Ausführliche Beschreibung

Gespeichert in:
Bibliographische Detailangaben
1. Verfasser: Jurčíková, Božena
Format: Buchkapitel
Sprache:Slowakisch
Schlagworte:
Tags: Tag hinzufügen
Keine Tags, Fügen Sie das erste Tag hinzu!

MARC

LEADER 00000naa a2200000 4500
001 0284506
005 20240417075206.8
041 0 |a slo 
044 |a SK 
245 1 0 |a Uchovávanie účtovnej dokumentácie po novele zákona o účtovníctve v roku 2022  |c Božena Jurčíková 
520 |a Uchovávanie účtovnej dokumentácie je povinnosť každej účtovnej jednotky, ktorá je účtovnou jednotkou definovaná v zákone o účtovníctve po novele zákonom č. 408/2021 Z. z. Účtovná jednotka je povinná zabezpečiť aj ochranu účtovnej dokumentácie voči strate, odcudzeniu, zničeniu, alebo poškodeniu; a rovnako je povinná zabezpečiť ochranu aj použitých technických prostriedkov, nosičov informácií a programového vybavenia pred neoprávnenými zásahmi, do nich, neoprávneným prístupom k nim, stratou alebo odcudzením. 
610 2 0 |a uchovávanie dát 
610 2 0 |a dokumentácia účtovná 
610 2 0 |a novelizácia 
610 2 0 |a zákony 
610 2 0 |a legislatíva 
610 2 0 |a právo 
610 2 0 |a parlamenty 
610 2 0 |a jednotka účtovná 
100 1 |a Jurčíková, Božena